Paroles de L'Homme pressé - Statistiques

Statistiques générales
  • Ce quiz a été pris 545 fois
  • Le résultat moyen est 331 sur 453
Statistiques - réponses
Réponse % Correct
Je
99%
je
99%
de
98%
De
98%
un
98%
Un
98%
pressé
97%
suis
97%
homme
96%
à
95%
À
95%
a
95%
des
94%
Des
94%
le
94%
Ma
92%
ma
92%
mon
92%
Qui
92%
qui
92%
Ce
91%
en
90%
la
90%
moi
90%
Moi
90%
dans
89%
Dans
89%
Et
88%
les
84%
Les
84%
que
84%
Que
84%
Peu
83%
très
83%
pas
82%
Pas
82%
temps,
80%
temps
80%
une
80%
veut
80%
cerveau
77%
J'suis
77%
plus
76%
du
74%
Du
74%
miettes
74%
réseau
74%
entrer
73%
Mes
73%
mes
73%
Car
72%
est
72%
l'immobilier
72%
toile
72%
vais
72%
vite,
71%
vite
71%
ces
70%
Vous
70%
vous
70%
Avec
69%
fais
69%
Mais
68%
payer
68%
peuvent
68%
sais
68%
ne
67%
monde
66%
politique
66%
Y'en
66%
C'est
65%
c'est
65%
riche,
65%
riche
65%
Se
65%
affaires
64%
faire
64%
n'ai
64%
carrière
63%
mannequin
63%
soleil
63%
Sont
63%
sont
63%
pour
62%
jeu
61%
médiatique
61%
glacé
59%
l'homme
58%
référence
58%
universelle
58%
J'ai
57%
omniprésent
57%
conneries
56%
roi
56%
destin
55%
Il
55%
connais
54%
quotidien
54%
Ravalé,
54%
télévision
54%
comète
53%
Militant
53%
militant
53%
qu'ils
53%
femmes
52%
l'inhumanité
52%
même
52%
proférées
52%
médias
51%
évidemment
50%
importe
50%
traverse
50%
amis
49%
cochons
49%
émissions
49%
leurs
49%
omniscient
49%
puis
49%
tout
49%
Fréquente
48%
n'imaginez
48%
teint
48%
chance
47%
faveurs
47%
profits
47%
immédiats
46%
rois
46%
d'regarder
45%
J'adore
45%
voie
45%
confiture
44%
deviens
44%
savez
44%
pieds
43%
asservis
42%
crétins
42%
envahi
42%
humaine
42%
milliards
42%
On
42%
Aux
41%
cordons
41%
hommes
41%
part
41%
bourse
40%
Mieux
40%
certains
39%
d'la
38%
Huit
38%
potentiels
38%
Amour
37%
croyez
37%
aussi
36%
l'audience
36%
l'audimat
36%
n'y
36%
qu'est-ce
36%
toujours
36%
gais
35%
relâchent
35%
reste
35%
Explosé
34%
France
34%
j'en
34%
peux
34%
super
34%
Love,
33%
love,
33%
Paris
33%
file
31%
pourriture
31%
quatre
31%
secrets
31%
coins
30%
Nous
30%
science
30%
yeux
30%
connaissances
29%
crache
29%
notre
29%
parle
29%
Amérique
28%
affamés
27%
devenu
27%
J'connais
27%
nourriture
26%
ram'ner
26%
Pulvérisée
24%
avides
22%
dit-on
22%
uniques
22%
Russie
20%
ex-Soviétique
18%
savons
18%
Lioubov
17%
voyez
16%
demandent
13%
Aucun quiz correspondant
Distribution des résultats
% des personnes avec chaque résultat
Percentile par nombre de réponses
Votre historique - résultats
Vous n’avez pas pris ce quiz